| 000 | 00892cab a2200181 4500 | ||
|---|---|---|---|
| 001 | L129362 | ||
| 008 | 050414n2005 000 0 eng u | ||
| 035 | _a(Sirsi) u129362 | ||
| 041 | _aeng | ||
| 100 | _aWeight, David | ||
| 245 | _aWhole-life costs | ||
| 260 | _c2005 | ||
| 490 |
_aBuilding _v279(8373) 18 March 2005, 78-83(6) |
||
| 520 | _aThe first in a series of articles on cost modelling and morphology. Uses a cost model to integrate capital, energy and maintenance costs to consider whole-life costs of primary schools in response to recent advancements of school design. Includes different scenarios on capital and energy costs such as the expense involved in the increase in ceiling height and glazing and the repair and maintenance costs in adding another floor and reducing the footprint. | ||
| 590 | _aIKA150405 | ||
| 690 | _aBUILT ENVIRONMENT-BUILDING COSTS | ||
| 942 | _n0 | ||
| 999 |
_c75087 _d75087 |
||